000 00273nam a2200109 4500
008 160704b xxu||||| |||| 00| 0 eng d
100 _92002
_a Rangachari, D
245 _aGrowing Up
260 _aN.D
_b Children Book Trust
_c2000
300 _aGrowing Up
942 _2ddc
_cBK
999 _c1701
_d1701